[Event "DVM U20 2024"]
[Site "Breisach am Rhein GER"]
[Date "2024.12.27"]
[Round "1"]
[White "Paringer, Jakob"]
[Black "Khachaturyan, Konstantin"]
[Result "1/2-1/2"]
[Termination "normal"]
[Board "8.6"]
[WhiteElo "1531"]
[BlackElo "1807"]
[WhiteTeam "FC Ergolding 1932"]
[BlackTeam "Karlsruher SF 1853"]
[PlyCount "80"]
[WhiteFideId "34605134"]
[BlackFideId "16239083"]
[EventCountry "GER"]
[EventRounds "7"]
[EventType "team-swiss"]
[EventDate "2024.12.26"]

1. c4 c6 2. g3 d5 3. cxd5 cxd5 4. Nf3 Nf6 5. Bg2 Nc6 6. O-O Bg4 7. d3 e6 8. Bg5
Be7 9. Nc3 O-O 10. Rc1 Rc8 11. Qd2 h6 12. Bf4 Bxf3 13. Bxf3 e5 14. Bxh6 gxh6
15. Qxh6 Nd4 16. Qg5+ Kh8 17. Qxe5 Nxf3+ 18. exf3 Qd6 19. Qxd6 Bxd6 20. Rfe1 a6
21. g4 Bf4 22. Rcd1 d4 23. Ne4 Nd7 24. Rd2 f5 25. Ng3 fxg4 26. fxg4 Ne5 27. h3
Bxg3 28. fxg3 Nf3+ 29. Kg2 Ng5 30. h4 Nf7 31. Rde2 Nd6 32. Re6 Rc6 33. Rh6+ Kg7
34. Ree6 Rc2+ 35. Kh3 Ne8 36. Rhg6+ Kh7 37. h5 Rxb2 38. Re7+ Kh8 39. Rh6+ Kg8
40. Rg6+ Kh8 1/2-1/2

[Event "DVM U20 2024"]
[Site "Breisach am Rhein GER"]
[Date "2024.12.27"]
[Round "2"]
[White "Garner, Isaac"]
[Black "Mankel, Luca"]
[Result "1-0"]
[Termination "normal"]
[Board "1.1"]
[WhiteElo "2334"]
[BlackElo "1998"]
[WhiteTeam "Hamburger SK 1830"]
[BlackTeam "TSG Oberschöneweide"]
[PlyCount "67"]
[WhiteFideId "16239261"]
[BlackFideId "16253876"]
[EventCountry "GER"]
[EventRounds "7"]
[EventType "team-swiss"]
[EventDate "2024.12.26"]

1. d4 Nf6 2. c4 e6 3. Nf3 d5 4. Nc3 a6 5. cxd5 exd5 6. Bg5 Be6 7. Bxf6 Qxf6 8.
Qb3 Ra7 9. a3 Qd8 10. h4 Bd6 11. Qc2 h6 12. e4 dxe4 13. Qxe4 Qe7 14. Be2 f5 15.
Qe3 f4 16. Qe4 O-O 17. Bd3 Bf5 18. Qxe7 Bxe7 19. O-O-O Bxd3 20. Rxd3 a5 21. Nb5
Ra6 22. Nxc7 Rc6+ 23. Rc3 Rc8 24. Nb5 Nd7 25. Kc2 Nf6 26. Ne5 Rxc3+ 27. bxc3
Ne4 28. Nd3 Bxa3 29. Rb1 Be7 30. f3 Ng3 31. Nxf4 Nf5 32. Ng6 Kf7 33. h5 Rc6 34.
Ne5+ 1-0

[Event "DVM U20 2024"]
[Site "Breisach am Rhein GER"]
[Date "2024.12.27"]
[Round "2"]
[White "Hommel, Niclas"]
[Black "Weihrauch, Jakob"]
[Result "1/2-1/2"]
[Termination "normal"]
[Board "1.2"]
[BlackTitle "FM"]
[WhiteElo "2125"]
[BlackElo "2246"]
[WhiteTeam "TSG Oberschöneweide"]
[BlackTeam "Hamburger SK 1830"]
[PlyCount "90"]
[WhiteFideId "12974927"]
[BlackFideId "16210115"]
[EventCountry "GER"]
[EventRounds "7"]
[EventType "team-swiss"]
[EventDate "2024.12.26"]

1. e4 c5 2. Nf3 d6 3. d4 cxd4 4. Nxd4 Nf6 5. Nc3 a6 6. Be3 e5 7. Nb3 Be7 8. Qd2
Ng4 9. g3 Be6 10. O-O-O Nxe3 11. Qxe3 Nd7 12. f4 b5 13. Kb1 Qb6 14. Qe1 Nf6 15.
f5 Bd7 16. g4 b4 17. Nd5 Nxd5 18. Rxd5 Bc6 19. Bc4 h5 20. g5 Bxg5 21. Rxd6 Rd8
22. Rxd8+ Bxd8 23. Bd5 a5 24. Qg3 Bf6 25. Rd1 a4 26. Qg1 Qb5 27. Bxc6+ Qxc6 28.
Qc5 Qxc5 29. Nxc5 h4 30. h3 Rh5 31. Rg1 Rg5 32. Rxg5 Bxg5 33. Nxa4 Bf4 34. c3
g5 35. fxg6 fxg6 36. Kc2 g5 37. Kd1 g4 38. Ke2 gxh3 39. Kf3 bxc3 40. Nxc3 Kd7
41. Nd5 Bg3 42. b4 Kc6 43. a4 Be1 44. b5+ Kc5 45. Ne3 Ba5 1/2-1/2

[Event "DVM U20 2024"]
[Site "Breisach am Rhein GER"]
[Date "2024.12.27"]
[Round "2"]
[White "Avdic, Faris"]
[Black "Mimkes, Pavel"]
[Result "0-1"]
[Termination "normal"]
[Board "1.3"]
[WhiteElo "2241"]
[BlackElo "1998"]
[WhiteTeam "Hamburger SK 1830"]
[BlackTeam "TSG Oberschöneweide"]
[PlyCount "86"]
[WhiteFideId "14422328"]
[BlackFideId "12990833"]
[EventCountry "GER"]
[EventRounds "7"]
[EventType "team-swiss"]
[EventDate "2024.12.26"]

1. d4 Nf6 2. c4 b6 3. f3 Nc6 4. Nc3 e5 5. d5 Ne7 6. e4 Ng6 7. h4 Nh5 8. Nge2
Be7 9. g3 O-O 10. Be3 d6 11. Qd2 f5 12. exf5 Bxf5 13. O-O-O Bd7 14. Bg2 a6 15.
Ne4 a5 16. N2c3 b5 17. cxb5 a4 18. Qe2 Ra5 19. Bh3 Be8 20. Bg4 Nh8 21. Qc4 Nf6
22. Be6+ Nf7 23. Qb4 Qa8 24. Ng5 a3 25. b3 Nh5 26. Qg4 Bxg5 27. Bxg5 g6 28. Be7
Bxb5 29. Bxf8 Kxf8 30. b4 Nf6 31. Qh3 Ra4 32. Nxb5 Rxb4 33. Qf1 Qa4 34. Nc3 Rc4
35. Kd2 Qb4 36. Rc1 Rd4+ 37. Ke3 Qb6 38. Qb5 Re4+ 39. Kd3 Re3+ 40. Kc2 Rxc3+
41. Kxc3 Qxb5 42. Rhd1 e4 43. fxe4 Ne5 0-1

[Event "DVM U20 2024"]
[Site "Breisach am Rhein GER"]
[Date "2024.12.27"]
[Round "2"]
[White "Nguyen, Phuc Nhat"]
[Black "Fuhrmann, Bahne"]
[Result "1/2-1/2"]
[Termination "normal"]
[Board "1.4"]
[WhiteElo "2031"]
[BlackElo "2233"]
[WhiteTeam "TSG Oberschöneweide"]
[BlackTeam "Hamburger SK 1830"]
[PlyCount "96"]
[WhiteFideId "16253590"]
[BlackFideId "16244842"]
[EventCountry "GER"]
[EventRounds "7"]
[EventType "team-swiss"]
[EventDate "2024.12.26"]

1. e4 e5 2. Nf3 Nc6 3. Bc4 Nf6 4. d4 exd4 5. O-O Nxe4 6. Re1 d5 7. Nc3 dxc4 8.
Rxe4+ Be6 9. Nxd4 Nxd4 10. Rxd4 Bd6 11. Bf4 O-O 12. Bxd6 cxd6 13. Rxd6 Qa5 14.
Qd2 Rad8 15. Rd1 Rxd6 16. Qxd6 h6 17. a3 Re8 18. Qb4 Qxb4 19. axb4 Bf5 20. f3
Re6 21. Rd2 a6 22. Kf2 Kf8 23. Rd8+ Re8 24. Rxe8+ Kxe8 25. Ne4 Kd7 26. Ke3 Kc6
27. Kd4 b5 28. c3 Bd7 29. Nc5 Bc8 30. Ne4 Bd7 31. g4 Bc8 32. h4 Bd7 33. Ke5 Bc8
34. h5 Bd7 35. Ng3 f6+ 36. Kf4 Kd6 37. Nf5+ Bxf5 38. Kxf5 Ke7 39. Kg6 Kf8 40.
f4 Kg8 41. Kf5 Kf7 42. g5 fxg5 43. fxg5 hxg5 44. Kxg5 Kg8 45. Kg6 Kf8 46. Kg5
Kg8 47. Kg4 Kh7 48. Kg5 Kg8 1/2-1/2

[Event "DVM U20 2024"]
[Site "Breisach am Rhein GER"]
[Date "2024.12.27"]
[Round "2"]
[White "Reyes-Mantilla, Andrés Mauricio"]
[Black "Ho, Ngoc Hai-Dang"]
[Result "0-1"]
[Termination "normal"]
[Board "1.5"]
[WhiteElo "2085"]
[BlackElo "1909"]
[WhiteTeam "Hamburger SK 1830"]
[BlackTeam "TSG Oberschöneweide"]
[PlyCount "146"]
[WhiteFideId "4467248"]
[BlackFideId "16206509"]
[EventCountry "GER"]
[EventRounds "7"]
[EventType "team-swiss"]
[EventDate "2024.12.26"]

1. d4 d5 2. c4 e6 3. Nc3 Nf6 4. cxd5 exd5 5. Bg5 c6 6. e3 Bf5 7. Qf3 Bg6 8.
Bxf6 gxf6 9. Qd1 Qb6 10. Qd2 Na6 11. h4 h5 12. Rc1 Qa5 13. Bd3 Bd6 14. Rh3 Kf8
15. Rf3 Kg7 16. a3 Rae8 17. Nge2 Nc7 18. Ng3 Bxg3 19. Rxg3 Ne6 20. Kf1 Qd8 21.
Qc2 Rh6 22. Bf5 Kh7 23. b4 Ng7 24. Bd3 f5 25. Rh3 f4 26. exf4 Qf6 27. f5 Bxf5
28. Rf3 Bxd3+ 29. Qxd3+ Qg6 30. Qd2 Nf5 31. Qf4 Nd6 32. b5 Qg4 33. bxc6 bxc6
34. g3 Qh3+ 35. Kg1 Rhe6 36. Qd2 Qg4 37. Kg2 Kg7 38. Nd1 Nf5 39. Qg5+ Qxg5 40.
hxg5 Nxd4 41. Rd3 Nf5 42. Rdc3 Rc8 43. Nb2 Kg6 44. Nd3 Kxg5 45. Nb4 Ne7 46. Rc5
Rd6 47. a4 h4 48. gxh4+ Kxh4 49. R1c3 Kg5 50. a5 Kf5 51. Re3 Rg6+ 52. Kf1 Rc7
53. Rec3 Ke5 54. Nd3+ Kd6 55. Rb3 Rg4 56. Ke2 Rc4 57. Rb8 Rxc5 58. Rd8+ Rd7 59.
Rxd7+ Kxd7 60. Nxc5+ Kd6 61. Nb7+ Ke5 62. Ke3 d4+ 63. Kd3 Kd5 64. f3 c5 65. Nd8
f6 66. Nb7 c4+ 67. Kd2 Nc6 68. Kc2 Ne5 69. f4 Nc6 70. Kd2 c3+ 71. Kc2 Nb4+ 72.
Kb3 c2 73. Kb2 d3 0-1

[Event "DVM U20 2024"]
[Site "Breisach am Rhein GER"]
[Date "2024.12.27"]
[Round "2"]
[White "Kilic, Hasan"]
[Black "Klaas, Heiko"]
[Result "0-1"]
[Termination "normal"]
[Board "1.6"]
[WhiteElo "1741"]
[BlackElo "1952"]
[WhiteTeam "TSG Oberschöneweide"]
[BlackTeam "Hamburger SK 1830"]
[PlyCount "134"]
[WhiteFideId "34613404"]
[BlackFideId "16215940"]
[EventCountry "GER"]
[EventRounds "7"]
[EventType "team-swiss"]
[EventDate "2024.12.26"]

1. e4 e5 2. Nf3 Nc6 3. Bc4 Bc5 4. c3 Nf6 5. d4 exd4 6. b4 Bb6 7. e5 d5 8. exf6
dxc4 9. Qe2+ Be6 10. b5 Nb4 11. fxg7 Rg8 12. Bg5 Nd3+ 13. Kf1 Qd5 14. Nbd2 f5
15. Bf6 dxc3 16. Nb1 Nf4 17. Nxc3 Nxe2 18. Nxd5 Bxd5 19. Kxe2 Kf7 20. Bc3 Rae8+
21. Kf1 Bxf3 22. gxf3 Rd8 23. Rg1 Rd3 24. Rc1 Rxf3 25. Rc2 Rd3 26. Rc1 Bd4 27.
Rg3 Bxc3 28. Rxd3 cxd3 29. Rxc3 Rxg7 30. Rxd3 Ke6 31. Ra3 Kd5 32. Rxa7 b6 33.
Ra3 Kc4 34. Rb3 Rd7 35. Ke2 Rd5 36. Rh3 Rd7 37. a4 Kb4 38. Rh4+ Kb3 39. Rf4 Rd5
40. Rh4 Rd7 41. Rf4 Rd5 42. Rh4 Rc5 43. Kd3 Rc3+ 44. Kd2 Rc4 45. Rxc4 Kxc4 46.
Ke3 Kb4 47. Kf4 Kxa4 48. Kxf5 Kxb5 49. Ke6 c5 50. f4 c4 51. f5 c3 52. f6 c2 53.
f7 c1=Q 54. f8=Q Qc6+ 55. Ke7 Qc5+ 56. Kf7 Qxf8+ 57. Kxf8 Kc5 58. Kg7 h5 59. h4
b5 60. Kg6 b4 61. Kxh5 b3 62. Kh6 b2 63. h5 b1=Q 64. Kg7 Qb7+ 65. Kg6 Qc6+ 66.
Kg7 Qd7+ 67. Kg6 Qg4+ 0-1

[Event "DVM U20 2024"]
[Site "Breisach am Rhein GER"]
[Date "2024.12.27"]
[Round "2"]
[White "Nguyen, Alex Dac-Vuong"]
[Black "Gallasch, Jonas"]
[Result "1/2-1/2"]
[Termination "normal"]
[Board "2.1"]
[WhiteTitle "IM"]
[BlackTitle "FM"]
[WhiteElo "2360"]
[BlackElo "2309"]
[WhiteTeam "SG Leipzig"]
[BlackTeam "SG Porz"]
[PlyCount "86"]
[WhiteFideId "12984388"]
[BlackFideId "16222474"]
[EventCountry "GER"]
[EventRounds "7"]
[EventType "team-swiss"]
[EventDate "2024.12.26"]

1. c4 Nf6 2. Nf3 g6 3. e3 Bg7 4. d4 O-O 5. Be2 d6 6. Nc3 Nbd7 7. O-O e5 8. Rb1
Re8 9. b4 e4 10. Nd2 Nf8 11. b5 h5 12. Qc2 Bf5 13. Bb2 h4 14. Rfc1 N8h7 15. Bf1
Ng5 16. Nd5 Qc8 17. a4 Nd7 18. Qb3 c6 19. Nf4 c5 20. dxc5 dxc5 21. Bxg7 Kxg7
22. Qc3+ Ne5 23. b6 axb6 24. Nd5 Ra6 25. Nxb6 Qc6 26. a5 h3 27. g3 Qf6 28. Rb5
Nef3+ 29. Nxf3 Nxf3+ 30. Kh1 Qxc3 31. Rxc3 Rd8 32. Nd5 Be6 33. Rc1 Bxd5 34.
cxd5 Rxd5 35. Bxh3 Rad6 36. Bf1 Rd2 37. Kg2 Ne5 38. Rbxc5 Ng4 39. Kg1 Nxf2 40.
R1c2 Rxc2 41. Rxc2 Nd1 42. Re2 Kf6 43. Re1 Ke5 1/2-1/2

[Event "DVM U20 2024"]
[Site "Breisach am Rhein GER"]
[Date "2024.12.27"]
[Round "2"]
[White "Gluma, Christian"]
[Black "Haufe, Laurin"]
[Result "0-1"]
[Termination "normal"]
[Board "2.2"]
[WhiteElo "2145"]
[BlackElo "2170"]
[WhiteTeam "SG Porz"]
[BlackTeam "SG Leipzig"]
[PlyCount "120"]
[WhiteFideId "16223209"]
[BlackFideId "12976504"]
[EventCountry "GER"]
[EventRounds "7"]
[EventType "team-swiss"]
[EventDate "2024.12.26"]

1. e4 c6 2. Nf3 d5 3. d3 dxe4 4. dxe4 Qxd1+ 5. Kxd1 Nd7 6. a4 Nc5 7. Nc3 Nf6 8.
Nd2 e5 9. f3 Ne6 10. Nc4 Nd7 11. Ne2 f6 12. a5 Kf7 13. c3 Rb8 14. Kc2 b5 15.
axb6 axb6 16. h4 b5 17. Ne3 Nb6 18. g3 Bc5 19. f4 Bxe3 20. Bxe3 Nc4 21. Bc1 Nc5
22. Bg2 Bg4 23. Re1 Rhd8 24. fxe5 Nd3 25. e6+ Kg8 26. Bf4 Nxe1+ 27. Rxe1 Ne5
28. Nd4 Rb6 29. Bf1 Re8 30. Ra1 Bxe6 31. Ra7 Bc8 32. Bg2 c5 33. Nf5 Rb7 34. Ra1
Bxf5 35. exf5 Rd7 36. Re1 Red8 37. Bf1 Nd3 38. Bxd3 Rxd3 39. Re6 Rf3 40. Rb6
Rf2+ 41. Kb1 Rf1+ 42. Kc2 c4 43. Rxb5 Re8 44. Rd5 Re2+ 45. Rd2 Rxd2+ 46. Kxd2
Kf7 47. Ke3 Rd1 48. Ke4 Ke7 49. Be3 Kd6 50. g4 Kc6 51. Bd4 Rh1 52. Bf2 Rh2 53.
Kf3 Kd5 54. Kg3 Rh1 55. Bd4 Ke4 56. Bc5 Rb1 57. h5 h6 58. Bd4 Rxb2 59. Bc5 Rb3
60. Bd4 Kd3 0-1

[Event "DVM U20 2024"]
[Site "Breisach am Rhein GER"]
[Date "2024.12.27"]
[Round "2"]
[White "Herrmann, Arthur"]
[Black "Menzel, Maximilian"]
[Result "1-0"]
[Termination "normal"]
[Board "2.3"]
[WhiteElo "1992"]
[BlackElo "2173"]
[WhiteTeam "SG Leipzig"]
[BlackTeam "SG Porz"]
[PlyCount "75"]
[WhiteFideId "16287150"]
[BlackFideId "34617280"]
[EventCountry "GER"]
[EventRounds "7"]
[EventType "team-swiss"]
[EventDate "2024.12.26"]

1. e4 c6 2. d4 d5 3. e5 Bf5 4. Nd2 e6 5. Nb3 Nd7 6. Nf3 Ne7 7. Be2 h6 8. O-O g5
9. a4 Qc7 10. a5 Ng6 11. Ne1 Nf4 12. Bxf4 gxf4 13. Qd2 O-O-O 14. Bd3 Bxd3 15.
Nxd3 f3 16. g3 f6 17. exf6 e5 18. dxe5 Nxe5 19. Qe3 Nxd3 20. cxd3 a6 21. Qxf3
Qf7 22. Rfe1 Rd6 23. Qf5+ Kb8 24. Nc5 Ka7 25. Qc8 Bg7 26. Qxb7+ Qxb7 27. Nxb7
Rxf6 28. Nc5 Rf7 29. Re2 Rb8 30. Rae1 Bf8 31. Ne6 Bb4 32. Ra1 Re7 33. Kf1 c5
34. Nf4 Rxe2 35. Kxe2 Re8+ 36. Kf1 Re5 37. d4 cxd4 38. Nd3 1-0

[Event "DVM U20 2024"]
[Site "Breisach am Rhein GER"]
[Date "2024.12.27"]
[Round "2"]
[White "Nguyen, Jenny Ha-Linh"]
[Black "Kruse, Victor"]
[Result "0-1"]
[Termination "normal"]
[Board "2.5"]
[WhiteElo "1815"]
[BlackElo "2043"]
[WhiteTeam "SG Leipzig"]
[BlackTeam "SG Porz"]
[PlyCount "94"]
[WhiteFideId "16209729"]
[BlackFideId "16256964"]
[EventCountry "GER"]
[EventRounds "7"]
[EventType "team-swiss"]
[EventDate "2024.12.26"]

1. e4 c6 2. d4 d5 3. exd5 cxd5 4. c4 Nf6 5. Nc3 g6 6. Nf3 Bg7 7. Be2 O-O 8. O-O
b6 9. Be3 dxc4 10. Bxc4 Bb7 11. Qe2 Nc6 12. Rfd1 Nb4 13. Ne5 a6 14. Rac1 b5 15.
Bb3 Nbd5 16. a3 Rc8 17. Nd3 Nxc3 18. bxc3 Bd5 19. Qb2 Qd6 20. Bxd5 Nxd5 21. Nb4
Rc4 22. Nxd5 Qxd5 23. Qb3 e6 24. Ra1 Qc6 25. Rd3 Rc8 26. Bd2 Bf8 27. Rc1 Qd5
28. Qb2 Ra4 29. Ra1 e5 30. h3 Qc4 31. Rf3 exd4 32. cxd4 Qxd4 33. Bc3 Qd5 34.
Bf6 Rac4 35. Qe2 Rc2 36. Qe3 Bg7 37. Re1 Bxf6 38. Rxf6 R2c6 39. Rxc6 Qxc6 40.
Qb3 Kg7 41. Re7 Qc1+ 42. Kh2 Qf4+ 43. Qg3 Qxg3+ 44. Kxg3 Rc3+ 45. Re3 Rxe3+ 46.
fxe3 Kf6 47. Kf4 a5 0-1

[Event "DVM U20 2024"]
[Site "Breisach am Rhein GER"]
[Date "2024.12.27"]
[Round "2"]
[White "Kliffken, Julian"]
[Black "Zinke, Mirko"]
[Result "1-0"]
[Termination "normal"]
[Board "2.6"]
[WhiteElo "1767"]
[BlackElo "1791"]
[WhiteTeam "SG Porz"]
[BlackTeam "SG Leipzig"]
[PlyCount "99"]
[WhiteFideId "16298071"]
[BlackFideId "16240600"]
[EventCountry "GER"]
[EventRounds "7"]
[EventType "team-swiss"]
[EventDate "2024.12.26"]

1. d4 Nf6 2. c4 g6 3. Nc3 Bg7 4. e4 d6 5. f3 O-O 6. Be3 Nbd7 7. Qd2 c5 8. d5 a6
9. Bd3 Ne5 10. Nge2 Rb8 11. a4 b6 12. O-O e6 13. b3 exd5 14. cxd5 Bb7 15. Bc2
Qc7 16. Kh1 Rbe8 17. f4 Neg4 18. Bg1 Nd7 19. h3 Nh6 20. f5 Kh8 21. f6 Nxf6 22.
Rxf6 Bxf6 23. Qxh6 Bg7 24. Qd2 Bc8 25. Rf1 Re5 26. Bh2 Ree8 27. Nb1 Bd7 28. Na3
b5 29. Bd3 bxa4 30. Nc4 Be5 31. Nxe5 dxe5 32. bxa4 Bxa4 33. Bxa6 Qd6 34. Bc4 f6
35. Nc3 Bd7 36. Ra1 Ra8 37. Qc1 Rxa1 38. Qxa1 Rb8 39. Bg1 Rb4 40. Qa2 Kg7 41.
Nd1 f5 42. Nf2 Ra4 43. Qc2 f4 44. Nd3 f3 45. Nxc5 fxg2+ 46. Kxg2 Ra3 47. Nxd7
Qxd7 48. Bd3 g5 49. Bh2 Qd6 50. Qb2 1-0

[Event "DVM U20 2024"]
[Site "Breisach am Rhein GER"]
[Date "2024.12.27"]
[Round "2"]
[White "Bethke, Richard"]
[Black "Koll, Linus"]
[Result "1-0"]
[Termination "normal"]
[Board "3.1"]
[WhiteTitle "FM"]
[WhiteElo "2371"]
[BlackElo "2041"]
[WhiteTeam "SF Neuberg"]
[BlackTeam "Karlsruher SF 1853"]
[PlyCount "111"]
[WhiteFideId "12959243"]
[BlackFideId "12990299"]
[EventCountry "GER"]
[EventRounds "7"]
[EventType "team-swiss"]
[EventDate "2024.12.26"]

1. e4 c5 2. Nf3 d6 3. Bb5+ Bd7 4. c4 Nc6 5. Nc3 g6 6. d4 cxd4 7. Nxd4 Bg7 8.
Be3 Nf6 9. f3 O-O 10. Qd2 Ne8 11. h4 Nxd4 12. Bxd4 Bxd4 13. Qxd4 Nc7 14. Qd2 f6
15. Bxd7 Qxd7 16. Rc1 Qe6 17. Kf2 Rab8 18. Ne2 Qe5 19. b4 Ne6 20. Qd5 Rfc8 21.
f4 Qxd5 22. exd5 Nc7 23. Nd4 Kf7 24. h5 Rh8 25. a4 e5 26. hxg6+ hxg6 27. Nb5
Nxb5 28. Rxh8 Rxh8 29. axb5 exf4 30. c5 Rc8 31. c6 Rb8 32. Ra1 Ke7 33. Rh1 bxc6
34. Rh7+ Kd8 35. bxc6 Rxb4 36. Rxa7 Rd4 37. Rd7+ Kc8 38. Rxd6 g5 39. Rd7 f5 40.
d6 Rd2+ 41. Kf3 Rd3+ 42. Ke2 Rd4 43. Rg7 Rxd6 44. Rxg5 Rxc6 45. Kf3 Rc1 46.
Rxf5 Rf1+ 47. Ke2 Ra1 48. Rxf4 Ra3 49. Rd4 Rg3 50. Kf2 Rg7 51. g4 Rd7 52. Rxd7
Kxd7 53. Kg3 Ke6 54. Kh4 Kf7 55. Kh5 Kf6 56. Kh6 1-0

[Event "DVM U20 2024"]
[Site "Breisach am Rhein GER"]
[Date "2024.12.27"]
[Round "2"]
[White "Gülsen, Sinan Yilmaz"]
[Black "Baranyai-Molnar, Adam-Kristof"]
[Result "0-1"]
[Termination "normal"]
[Board "3.2"]
[WhiteElo "1862"]
[BlackElo "2250"]
[WhiteTeam "Karlsruher SF 1853"]
[BlackTeam "SF Neuberg"]
[PlyCount "80"]
[WhiteFideId "34606017"]
[BlackFideId "768022"]
[EventCountry "GER"]
[EventRounds "7"]
[EventType "team-swiss"]
[EventDate "2024.12.26"]

1. e4 c5 2. Nf3 e6 3. Nc3 Nc6 4. d4 cxd4 5. Nxd4 Nf6 6. Nxc6 bxc6 7. e5 Nd5 8.
Ne4 c5 9. c4 Nb4 10. Be2 Nc6 11. f4 Nd4 12. Bf3 Rb8 13. O-O Bb7 14. Be3 Bxe4
15. Bxe4 Rxb2 16. Bxd4 cxd4 17. Qxd4 Qb6 18. Qxb6 axb6 19. a4 Bc5+ 20. Kh1 Rb4
21. a5 Rxc4 22. a6 Rxe4 23. a7 Ke7 24. a8=Q Rxa8 25. Rxa8 b5 26. Rb8 b4 27. Rb7
Rd4 28. Rc1 Rd5 29. g3 f6 30. Rb5 Be3 31. Rxd5 exd5 32. exf6+ gxf6 33. Rb1 Bd2
34. Rd1 Bc3 35. Rxd5 b3 36. Rb5 b2 37. Kg2 Kd6 38. Kf3 Kc6 39. Rb8 Kc5 40. Ke2
Bb4 0-1

[Event "DVM U20 2024"]
[Site "Breisach am Rhein GER"]
[Date "2024.12.27"]
[Round "2"]
[White "Eull, Emil"]
[Black "Scheinmaier, Mark"]
[Result "0-1"]
[Termination "normal"]
[Board "3.3"]
[WhiteElo "2145"]
[BlackElo "1881"]
[WhiteTeam "SF Neuberg"]
[BlackTeam "Karlsruher SF 1853"]
[PlyCount "112"]
[WhiteFideId "16253809"]
[BlackFideId "16238958"]
[EventCountry "GER"]
[EventRounds "7"]
[EventType "team-swiss"]
[EventDate "2024.12.26"]

1. Nf3 Nf6 2. c4 Nc6 3. d4 e6 4. a3 d5 5. Nc3 Be7 6. Bf4 a6 7. e3 O-O 8. Rc1
Nh5 9. Bg3 Nxg3 10. hxg3 Bf6 11. Bd3 g6 12. cxd5 exd5 13. Ne2 Ne7 14. Qc2 c6
15. Nf4 Kg7 16. Kd2 Rh8 17. Rh2 Bg4 18. Rch1 Qd7 19. Ne1 Bf5 20. f3 h5 21. Kc1
Rae8 22. e4 dxe4 23. fxe4 Bg4 24. e5 Bg5 25. Qd2 Bh6 26. Nc2 c5 27. Rf1 cxd4
28. Kb1 Nf5 29. Qe1 Re7 30. e6 fxe6 31. Qe5+ Kh7 32. Qf6 Rg8 33. Re1 Bxf4 34.
gxf4 Rge8 35. Ka1 Rf7 36. Qe5 Qd6 37. Bxf5 Qxe5 38. Rxe5 Rxf5 39. Rxf5 exf5 40.
Nxd4 Re4 41. Nb3 Rxf4 42. Nc5 Rf1+ 43. Ka2 f4 44. Ne4 Kg7 45. g3 f3 46. Rc2 Re1
47. Nf2 Be6+ 48. b3 Bf5 49. Rb2 Kf6 50. a4 Re2 51. b4 Ke5 52. Kb3 Rxb2+ 53.
Kxb2 Kd4 54. Kc1 Ke3 55. Nd1+ Ke2 56. Nc3+ Ke1 0-1

[Event "DVM U20 2024"]
[Site "Breisach am Rhein GER"]
[Date "2024.12.27"]
[Round "2"]
[White "Haug, Mara"]
[Black "Nagel, Daniel"]
[Result "1-0"]
[Termination "normal"]
[Board "3.4"]
[WhiteElo "1948"]
[BlackElo "1985"]
[WhiteTeam "Karlsruher SF 1853"]
[BlackTeam "SF Neuberg"]
[PlyCount "115"]
[WhiteFideId "16259300"]
[BlackFideId "34605126"]
[EventCountry "GER"]
[EventRounds "7"]
[EventType "team-swiss"]
[EventDate "2024.12.26"]

1. e4 c5 2. Nf3 d6 3. d4 cxd4 4. Nxd4 Nf6 5. Nc3 g6 6. Be3 Bg7 7. f3 O-O 8. Qd2
Nc6 9. O-O-O d5 10. exd5 Nxd5 11. Nxc6 bxc6 12. Bd4 e5 13. Bc5 Re8 14. Ne4 Qc7
15. h4 f5 16. Nd6 Rd8 17. Nxc8 Raxc8 18. h5 Nb6 19. Bxb6 Rxd2 20. Bc4+ Kf8 21.
Bxc7 Rxd1+ 22. Rxd1 Rxc7 23. hxg6 hxg6 24. Rd6 Bh6+ 25. Kb1 Kg7 26. Re6 Bf4 27.
b4 Bd2 28. a3 Be3 29. Ka2 e4 30. fxe4 f4 31. Kb3 Bd4 32. e5 c5 33. b5 g5 34.
Bd3 Kf7 35. Bf5 Re7 36. Rxe7+ Kxe7 37. e6 Kd6 38. Kc4 Bf6 39. a4 Bd8 40. Bg4
Bb6 41. Kd3 Ba5 42. c4 Bd8 43. Ke4 Ba5 44. Kf5 Bd8 45. Kg6 Ke5 46. Kf7 Kd4 47.
Be2 Ke3 48. Bf3 Kd3 49. Bd5 g4 50. e7 Bxe7 51. Kxe7 f3 52. gxf3 gxf3 53. Bxf3
Kxc4 54. Kd6 Kb4 55. Bd1 c4 56. Kc7 Kc3 57. a5 Kd2 58. Ba4 1-0

[Event "DVM U20 2024"]
[Site "Breisach am Rhein GER"]
[Date "2024.12.27"]
[Round "2"]
[White "Feick, Claas Marten"]
[Black "Hoffmann, Alexander"]
[Result "1-0"]
[Termination "normal"]
[Board "3.5"]
[WhiteElo "1840"]
[BlackElo "1905"]
[WhiteTeam "SF Neuberg"]
[BlackTeam "Karlsruher SF 1853"]
[PlyCount "103"]
[WhiteFideId "34634169"]
[BlackFideId "16240219"]
[EventCountry "GER"]
[EventRounds "7"]
[EventType "team-swiss"]
[EventDate "2024.12.26"]

1. e4 c5 2. Nf3 e6 3. d4 cxd4 4. Nxd4 a6 5. Nc3 b5 6. a3 Bb7 7. Be3 Qc7 8. Qd2
Nf6 9. f3 Be7 10. Be2 Nc6 11. g4 d6 12. Rg1 Nd7 13. g5 Nb6 14. Nxc6 Qxc6 15.
Qd4 Nc4 16. Bxc4 Qxc4 17. Qxg7 Kd7 18. Qd4 Qxd4 19. Bxd4 Rhg8 20. f4 e5 21. Be3
exf4 22. Bxf4 f6 23. h4 fxg5 24. hxg5 Raf8 25. Be3 Rg6 26. O-O-O Rf3 27. Bd2
Rh3 28. Bf4 Rf3 29. Bd2 Rf7 30. Rdf1 Rfg7 31. Be3 Ke6 32. Ne2 Bxg5 33. Bxg5
Rxg5 34. Nd4+ Kd7 35. Rxg5 Rxg5 36. Rf7+ Kc8 37. Nf5 Kb8 38. Nxd6 Bc6 39. Rxh7
Re5 40. Rh6 Ka7 41. Nf7 Rc5 42. b4 Rc3 43. Kd2 Rf3 44. Ne5 Bxe4 45. Nxf3 Bxf3
46. Kd3 Bd5 47. Kd4 Bf3 48. Kc5 Be4 49. Re6 Bxc2 50. Re7+ Kb8 51. Kb6 Kc8 52.
Rc7+ 1-0

[Event "DVM U20 2024"]
[Site "Breisach am Rhein GER"]
[Date "2024.12.27"]
[Round "2"]
[White "Khachaturyan, Konstantin"]
[Black "Pomrehn, Ole Magnus"]
[Result "1/2-1/2"]
[Termination "normal"]
[Board "3.6"]
[WhiteElo "1807"]
[BlackElo "1735"]
[WhiteTeam "Karlsruher SF 1853"]
[BlackTeam "SF Neuberg"]
[PlyCount "50"]
[WhiteFideId "16239083"]
[BlackFideId "16232704"]
[EventCountry "GER"]
[EventRounds "7"]
[EventType "team-swiss"]
[EventDate "2024.12.26"]

1. e4 e5 2. Nf3 Nc6 3. Nc3 Nf6 4. Bb5 Bb4 5. O-O O-O 6. d3 d6 7. Bg5 Bxc3 8.
bxc3 Qe7 9. Re1 Nd8 10. d4 Bg4 11. h3 Bxf3 12. Qxf3 Ne6 13. Be3 Nd7 14. Bxd7
Qxd7 15. d5 Nd8 16. Qe2 Qa4 17. Qd3 b6 18. g3 Nb7 19. f4 f6 20. f5 Nc5 21. Bxc5
bxc5 22. h4 Rfb8 23. a3 Rb2 24. Rec1 Rab8 25. c4 R8b6 1/2-1/2

[Event "DVM U20 2024"]
[Site "Breisach am Rhein GER"]
[Date "2024.12.27"]
[Round "2"]
[White "Englert, Luca"]
[Black "Schuricht, Emil Frederick"]
[Result "1-0"]
[Termination "normal"]
[Board "4.1"]
[WhiteTitle "FM"]
[WhiteElo "2305"]
[BlackElo "2357"]
[WhiteTeam "VfB Schach Leipzig"]
[BlackTeam "Krefelder SK Turm 1851"]
[PlyCount "93"]
[WhiteFideId "16293088"]
[BlackFideId "16270185"]
[EventCountry "GER"]
[EventRounds "7"]
[EventType "team-swiss"]
[EventDate "2024.12.26"]

1. e4 c6 2. d4 d5 3. e5 Bf5 4. Nd2 e6 5. Nb3 Nd7 6. Nf3 Ne7 7. Be2 Nc8 8. O-O
Be7 9. a4 O-O 10. a5 a6 11. Be3 Na7 12. c4 dxc4 13. Bxc4 Nb5 14. Qe2 Nc7 15.
Ne1 Nd5 16. Bd2 b5 17. axb6 N7xb6 18. Bxa6 Nc7 19. Nf3 Qd5 20. Nc1 Bg4 21. Ra5
Bxf3 22. gxf3 Qxd4 23. Bb7 Rab8 24. Bxc6 Qxb2 25. Nd3 Qd4 26. Be4 Nbd5 27. Rc1
Rb5 28. Ra2 Qb6 29. Qe1 Na6 30. Ba5 Qb8 31. Rac2 Nab4 32. Bxb4 Nxb4 33. Rc7 Bg5
34. f4 Bd8 35. Rc8 Qb6 36. Nc5 Qa7 37. Qd2 Nd5 38. Bxh7+ Kh8 39. Be4 Be7 40.
Rxf8+ Bxf8 41. Qd3 Nxf4 42. Qxb5 Qe7 43. Qb3 g6 44. Kf1 Qg5 45. Qb8 Kg7 46. Nd7
Ba3 47. Rc8 1-0